000 00773nam a22002297a 4500
003 UA-OsUOA
001 69125
007 ta
008 20100608b un ||||| |||| 00| 0 ukr d
090 _a343.2/7
_bС40
942 _cBK
040 _aUA-OsUOA
_bukr
_cUA-OsUOA
_dUA-OsUOA
245 _aСистемность в уголовном праве
_bМатериалы ІІ Российского Конгресса уголовного права 31 мая - 1 июня 2007 г.
_cКомиссаров В. С.
300 _a576 с.
955 _a2
041 _aukr
080 _a343.2/7
020 _a978-5-482-01614-5
260 _aМ.
_bПроспект
_c2007
650 7 _a343 Кримінальне право. Карні порушення
_2UDC
999 _c355379
_d355379